Wird geladen...
उपनिवेष में स्त्री: मुक्ति-कामना की दस वार्ताएं
| 1. Verfasser: | |
|---|---|
| Weitere Verfasser: | |
| Format: | Printed Book |
| Veröffentlicht: |
New Delhi:
Rajkamal,
2003
|
| Schlagworte: |
| LEADER | 00629cam a2200145ua 4500 | ||
|---|---|---|---|
| 082 | |a H 305.4 |b PRA/U | ||
| 100 | |a प्रभा खेतान | ||
| 245 | 0 | 0 | |a उपनिवेष में स्त्री: मुक्ति-कामना की दस वार्ताएं |
| 260 | |a New Delhi: |b Rajkamal, |c 2003 | ||
| 300 | |a 232p. | ||
| 650 | 0 | |a Upanivesh me sthree: mukthi kamna ki des varthayem |a Women | |
| 700 | |a Prabha Khethan | ||
| 942 | |c BK | ||
| 999 | |c 12026 |d 12026 | ||
| 952 | |0 0 |1 0 |4 0 |6 305_400000000000000_PRA |7 0 |9 12548 |a KUCL |b KUCL |d 2014-05-23 |l 7 |m 3 |o 305.4 PRA/ |p 13905 |q 2021-01-01 |r 2020-12-01 |s 2020-12-01 |w 2014-05-23 |y BK | ||